000 00518nam a2200181Ia 4500
999 _c838
_d838
003 OSt
005 20200915141632.0
008 190216s9999||||xx |||||||||||||| ||und||
020 _a9788178985015
040 _coclc
082 _a492.7
_bVAD/S
100 _aVadakkangara, Amanulla
_91953
245 0 _aSpoken Arabic Made Easy /
_cAmanulla Vadakkangara
260 _bOlive Publications,
_c2008.
_aKozhikode:
300 _a159p
650 _aArabic
942 _cBK
_2ddc
_h492.7
_iVAD/S
_k492.7
_mVAD/S